logo

Bir Sreshtho Munshi Abdur Rouf Library
Jhenaidah Cadet College

আধুনিক গ্রন্থাগার প্রশাসন ও ব্যবস্থাপনা / (Record no. 11468)

MARC details
000 -LEADER
fixed length control field 00860nam a2200241 a 4500
001 - CONTROL NUMBER
JCCL Control Number 11468
003 - CONTROL NUMBER IDENTIFIER
JCCL marc code BD-JhCC
005 - DATE AND TIME OF LATEST TRANSACTION
control field 20190925085404.0
008 - FIXED-LENGTH DATA ELEMENTS--GENERAL INFORMATION
fixed length control field 190625b20002006bg |||| ||a| 001 0 mul d
020 ## - INTERNATIONAL STANDARD BOOK NUMBER
International Standard Book Number 9841104865
035 ## - SYSTEM CONTROL NUMBER
system control number (BD-JhCC)11468
040 ## - CATALOGING SOURCE
Original cataloging agency BD-JhCC
Modifying agency BD-JhCC
041 ## - LANGUAGE CODE
Language code of Book mul
082 ## - DEWEY DECIMAL CLASSIFICATION NUMBER
Author mark and Year ALI 2006
Classification number 023.9
100 ## - MAIN ENTRY--PERSONAL NAME
Personal name আলী, মোহাম্মদ সা'দাত
245 ## - TITLE STATEMENT
Title আধুনিক গ্রন্থাগার প্রশাসন ও ব্যবস্থাপনা /
Statement of responsibility, etc মোহাম্মদ সা'দাত আলী ।
260 ## - PUBLICATION, DISTRIBUTION, ETC. (IMPRINT)
Place of publication, distribution, etc ঢাকা:
Name of publisher, distributor, etc আহমদ পাবলিশিং হাউস;
Date of publication, distribution, etc ২০০৬.
300 ## - PHYSICAL DESCRIPTION
Pagination ২৩৬ পৃ. :
Dimensions ২২ সেমি.
650 ## - SUBJECT ADDED ENTRY--TOPICAL TERM
Topical term or geographic name as entry element Library Management
650 ## - SUBJECT ADDED ENTRY--TOPICAL TERM
Topical term or geographic name as entry element Library Administration
942 ## - ADDED ENTRY ELEMENTS (KOHA)
Source of classification or shelving scheme Dewey Decimal Classification
Koha item type Books
Holdings
Source of classification or shelving scheme Damaged status Not for loan Home library Current library Shelving location Date of accession Cost, normal purchase price Total Checkouts Full call number Barcode Date last seen Copy number Koha item type
Dewey Decimal Classification     JCC Rouf Library JCC Rouf Library General Stacks 06/25/2019 175.00   023.9 ALI 2006 15688 09/25/2019 C-1 Books

JCC Library | Contacts | JCC Home

Last Update on 23 September 2017
Copyright @ 2017-2020 JCC Rouf Library
Rouf Library, Jhenidah Cadet College (JCC), Bangladesh